[Event "78th LOTTO POL-ch 2021"]
[Site "Bydgoszcz"]
[Date "2021.05.02"]
[Round "2.3"]
[White "Wojtaszek, Radoslaw"]
[Black "Gajewski, Grzegorz"]
[Result "1-0"]
[WhiteElo "2694"]
[BlackElo "2596"]
[Annotator "TA"]
[PlyCount "53"]
[EventDate "2021.04.29"]
[EventType "k.o."]
[EventCountry "POL"]
[SourceTitle "playchess.com"]
[Source "ChessBase"]
[SourceQuality "1"]

{[%evp 12,53,31,30,34,45,65,20,25,22,25,25,39,21,32,25,41,50,49,48,47,50,69,68,91,46,34,12,133,131,527,493,960,946,1628,1617,1595,1617,1437,1401,6672,6479,29997,29998]} 1. d4 d5 2. c4 e6 3. Nc3 c5 4. cxd5 exd5 5. Nf3 Nc6 6. dxc5 d4 7. Na4 Bxc5 {[%mdl 64] [#] Decoy. D32: Tarrasch Defence: Sidelines and lines without g3.} 8. Nxc5 Qa5+ 9. Bd2 Qxc5 {The position is equal.} 10. Rc1 Qb6 11. e3 dxe3 12. Bxe3 Qb4+ 13. Bd2 Qe7+ 14. Be2 Nf6 15. O-O {aiming for Bf4.} O-O 16. Re1 {[#]} Bf5 $146 ({Predecessor:} 16... Be6 17. Qa4 Bd5 18. Be3 Qe4 19. Qxe4 Nxe4 20. a3 Rfe8 21. Red1 Rad8 22. b4 a6 {½-½ (43) Debashis,D (2501)-Srihari,L (2414) chess.com INT 2020}) 17. Bb5 Qd8 18. Qa4 Bd7 19. Qh4 {Strongly threatening Red1.} a6 (19... Bg4 $11 {remains equal.}) 20. Bd3 $16 {Bg5 is the strong threat.} h6 {[%mdl 8192] This costs Black the game.} (20... Re8 $16 {is more resistant.}) 21. Bxh6 $18 Bg4 {[#]} (21... Re8 $142 22. Bxg7 Rxe1+ 23. Rxe1 Kxg7 24. Qg5+ Kh8) 22. Bxg7 $1 {[%mdl 512]} Kxg7 (22... Nh5 23. Qxg4) 23. Qg5+ Kh8 24. Qh6+ Kg8 25. Re3 Re8 26. Ng5 {White wants to mate with Bh7+.} Qd5 27. Bh7+ {Weighted Error Value: White=0.06/Black=0.99} 1-0

[Event "78th LOTTO POL-ch 2021"]
[Site "Bydgoszcz"]
[Date "2021.05.02"]
[Round "2.3"]
[White "Piorun, Kacper"]
[Black "Socko, Bartosz"]
[Result "0-1"]
[WhiteElo "2615"]
[BlackElo "2618"]
[Annotator "TA"]
[PlyCount "134"]
[EventDate "2021.04.29"]
[EventType "k.o."]
[EventCountry "POL"]
[SourceTitle "playchess.com"]
[Source "ChessBase"]
[SourceQuality "1"]

{[%evp 13,134,-2,4,9,9,9,12,0,0,0,0,0,28,23,25,35,41,28,26,34,19,27,20,-75,-35,-47,-41,-129,-118,-127,-126,-116,-138,-122,-114,-146,-131,-132,-132,-143,-137,-138,-127,-132,-118,-106,-118,-134,-139,-164,-165,-207,-185,-254,-252,-271,-275,-277,-279,-291,-285,-266,-209,-302,-302,-294,-291,-339,-328,-310,-291,-292,-253,-262,-264,-270,-269,-269,-268,-267,-267,-324,-311,-327,-337,-322,-329,-355,-354,-399,-358,-360,-320,-343,-357,-351,-342,-299,-217,-256,-237,-335,-238,-491,-493,-658,-658,-1229,-1132,-889,-1210,-956,-1017,-1993,-1859,-5081,-5073,-2425,-1445,-2608,-2260,-1791,-1706]} 1. e4 c6 2. d4 d5 3. Nc3 dxe4 4. Nxe4 Bf5 5. Ng3 Bg6 6. Nh3 Nf6 7. Nf4 e5 {7...e5 has lost popularity.} 8. dxe5 {B18: Classical Caro-Kann: 4...Bf5 sidelines.} Qa5+ {[%mdl 64] [#] Double Attack} 9. c3 Qxe5+ 10. Be2 {The position is equal.} Bc5 {[#]} 11. Qb3 $146 ({Predecessor:} 11. O-O O-O 12. Nd3 Bxd3 13. Bxd3 Nbd7 14. Qa4 Rfe8 15. Bc2 Nf8 16. Bf4 Qe6 17. Bf5 {½-½ (24) Azarov,S (2658)-Gelashvili,T (2604) Rockville 2012}) 11... Qc7 12. h4 Qb6 13. O-O Qxb3 14. axb3 Nbd7 15. h5 Bc2 16. Bd1 Bxd1 17. Re1+ Be7 18. Nf5 (18. Rxd1 $11 O-O 19. Be3) 18... Bg4 (18... Bc2 $5 {[%cal Rc2f5]} 19. Nxe7 (19. Rxe7+ Kd8 $17) 19... Kd8 $15) 19. Nxe7 {Black must now prevent Neg6+.} ({Much weaker is} 19. Rxe7+ Kf8 $17) 19... Kd8 20. Ra5 {White is now going downhill.} (20. f3 $15) 20... Re8 $17 21. f3 Rxe7 22. Rxe7 Kxe7 23. fxg4 Nxg4 24. Kf1 Nde5 25. Ke2 a6 26. Be3 Re8 27. Bd4 Kd6 {And now ...Nc4+ would win.} 28. Kd2 f6 29. Bc5+ Kc7 {Threatens to win with ...b6.} 30. Bd4 Nf7 31. b4 Re4 32. Ne2 Nge5 33. b3 (33. Ra1 {is a better defense.}) 33... Rg4 $19 34. Ke3 Rxg2 35. Ra1 Rg5 36. Nf4 {White wants to play Ne6+.} Rg3+ 37. Ke2 Rg4 38. Be3 (38. Ne6+ $142 Kd7 39. Nc5+ Kc8 40. Rg1) 38... Ng5 39. Rd1 Rh4 40. Rd4 Rh2+ 41. Kd1 b5 42. Kc1 Kc8 43. Rd1 Rh4 44. Kc2 g6 45. hxg6 hxg6 46. Kc1 Ngf7 47. Kc2 Rh2+ 48. Kb1 g5 49. Ne6 Re2 50. Bc1 Nf3 51. Nc5 g4 52. Bf4 Re1 53. Kc2 Rxd1 54. Kxd1 {[%mdl 4096] Endgame KBN-KNN} N3e5 55. Ke2 Nd7 {Strongly threatening ...Nxc5.} 56. Ne6 Nd8 57. Nc7 (57. Ng7 {was worth a try.}) 57... Nb6 58. Nxa6 $2 (58. Bg3) 58... Ne6 {Black is clearly winning.} 59. Bh2 Nd7 60. Bd6 Kb7 61. Nc5+ {[#]} Ndxc5 $1 62. bxc5 {KB-KN} f5 63. Kd3 f4 64. Ke4 g3 65. Kf3 Kc8 66. b4 Kd7 67. Be5 Ke7 {Weighted Error Value: White=0.33/Black=0.11} 0-1

[Event "78th LOTTO POL-ch 2021"]
[Site "Bydgoszcz"]
[Date "2021.05.02"]
[Round "2.3"]
[White "Teclaf, Pawel"]
[Black "Kempinski, Robert"]
[Result "1/2-1/2"]
[WhiteElo "2502"]
[BlackElo "2561"]
[Annotator "TA"]
[PlyCount "120"]
[EventDate "2021.04.29"]
[EventType "k.o."]
[EventCountry "POL"]
[SourceTitle "playchess.com"]
[Source "ChessBase"]
[SourceQuality "1"]

{[%evp 10,120,20,8,22,14,14,22,22,12,12,10,4,-15,-29,-13,-21,-6,0,0,0,0,47,8,7,23,18,13,18,20,70,0,0,0,0,0,0,0,0,0,0,0,0,0,0,0,0,0,0,0,0,0,0,0,0,0,0,0,0,0,0,0,0,0,0,0,0,0,0,0,0,0,0,0,0,0,0,0,0,0,0,0,0,-21,0,0,0,0,0,0,0,0,0,0,0,0,0,0,0,0,0,0,0,0,0,0,0,0,0,0,0,0,0]} 1. e4 c5 2. Nf3 d6 3. d4 cxd4 4. Nxd4 Nf6 5. Nc3 a6 6. Nb3 Nbd7 {B90: Sicilian Najdorf: Unusual White 6th moves, 6 Be3 Ng4 and 6 Be3 e5.} 7. g4 b5 8. g5 b4 9. Nd5 $1 Nxd5 10. exd5 g6 {[#]} 11. Be3 $146 ({Predecessor:} 11. Qd4 Ne5 12. Qxb4 Bg7 13. Be2 a5 14. Qa4+ Bd7 15. Bb5 O-O 16. Be3 Bg4 17. f4 {½-½ (71) Pridorozhni,A (2567)-Sarana,A (2618) Khanty-Mansiysk 2018}) 11... Bg7 12. Bd4 f6 13. a3 bxa3 14. Rxa3 O-O 15. Na5 Qe8 16. Bg2 fxg5 17. Bxg7 Kxg7 18. O-O Ne5 19. Nc6 Bg4 20. Qd2 (20. Qe1 $1 $14) 20... Bf3 $1 $11 {[%cal Rf3g2] ...Bxg2 is the strong threat.The position is equal.} 21. Nxe5 Bxg2 22. Kxg2 dxe5 23. Re1 Rf5 24. Rae3 Qb8 25. c4 Qd6 26. Qc3 {[%cal Re3e5]} Raf8 27. f3 {[%cal Re3e5]} Kg8 28. Rxe5 {Hoping for c5.} Rxf3 29. Qxf3 Rxf3 30. Kxf3 {[%mdl 4096] Endgame KQ-KRR} Qb4 {[%mdl 64] [#] Double Attack} 31. R1e4 Qxb2 32. Rxe7 Qc3+ 33. Kg4 Qf6 34. Kg3 (34. h3 {feels hotter.} h5+ 35. Kg3 Qc3+ 36. Kg2 Qc2+ 37. Kg3) 34... Qc3+ 35. Kg4 Qf6 36. R7e6 Qf2 {[%cal Rf2g2] [#]} 37. Kxg5 Qf5+ 38. Kh4 Qf2+ 39. Kg5 {White wants to mate with Re8+.} Qf5+ 40. Kh4 Qf2+ 41. Kg4 Kg7 42. Re7+ Kh6 43. Re3 {Rh3+ would kill now.} Qf5+ 44. Kg3 Qg5+ 45. Kf3 Qf5+ 46. Kg2 Qc2+ (46... Qg4+ {seems wilder.} 47. Rg3 Qxc4 48. Rh3+ Kg5 49. Re5+ Kf6) 47. Kg3 Qxc4 48. d6 Qc5 49. d7 Qg5+ 50. Kf2 {Intending Rh3+ and mate.} Qf4+ 51. Ke2 Qc4+ 52. Kf2 Qf4+ 53. Ke2 Qc4+ 54. Kd2 (54. Kd1 $5 {[%cal Re3h3]} Qd5+ 55. Ke1 $11) 54... Qb4+ 55. Kd3 Qd6+ 56. Kc3 Qc5+ 57. Kd3 Qd6+ 58. Kc2 {Threatens to win with Rh3+.} Qc5+ 59. Kd2 Qb4+ 60. Ke2 Qc4+ {Weighted Error Value: White=0.03/Black=0.02} 1/2-1/2

[Event "78th LOTTO POL-ch 2021"]
[Site "Bydgoszcz"]
[Date "2021.05.02"]
[Round "2.4"]
[White "Gajewski, Grzegorz"]
[Black "Wojtaszek, Radoslaw"]
[Result "0-1"]
[WhiteElo "2596"]
[BlackElo "2694"]
[Annotator "TA"]
[PlyCount "74"]
[EventDate "2021.04.29"]
[EventType "k.o."]
[EventCountry "POL"]
[SourceTitle "playchess.com"]
[Source "ChessBase"]
[SourceQuality "1"]

{[%evp 12,74,30,11,9,19,45,39,34,0,17,16,13,2,22,27,25,33,31,-12,-16,-16,0,0,0,-9,-14,-40,-24,-31,0,-118,-98,-106,-110,-101,0,-287,-275,-225,-224,-250,10,-300,-118,-102,-110,-287,-294,-417,-408,-311,-214,-219,-70,-489,-449,-1556,-6,-12,-25,-29,-10,-2818,-2315]} 1. e4 c5 2. Nf3 d6 3. d4 cxd4 4. Nxd4 Nf6 5. Nc3 a6 6. h3 e6 7. g4 h6 {B81: Sicilian Scheveningen: Keres Attack.} 8. a3 Be7 9. Be3 Nc6 {[#] White is slightly better.} 10. Qe2 $146 ({Predecessor:} 10. Bg2 O-O 11. f4 d5 12. e5 Nd7 13. O-O Nxd4 14. Bxd4 b6 15. Kh1 a5 16. g5 {1-0 (36) Narayanan,S (2565)-Xu,Y (2533) Bhubaneswar 2018}) 10... Nxd4 11. Bxd4 e5 12. Be3 b5 13. O-O-O Bb7 14. Bg2 Rc8 15. h4 {[#]} Rxc3 $1 16. bxc3 Qa5 17. Kb2 Nxe4 18. Bxe4 Bxe4 19. Bb6 Qa4 {White must now prevent ...d5.} 20. f3 Bh7 21. g5 (21. Rd2 $1 $11) 21... O-O $36 {[%mdl 2048] White is under strong pressure.} 22. gxh6 d5 $1 23. Ra1 {And now Rhd1 would win.} d4 (23... Rc8 $17 24. Ra2 Bf6) 24. Rhg1 $2 {[%mdl 8192]} (24. cxd4 $1 $11 {and White stays safe.} Bf6 25. Rhg1) 24... dxc3+ $19 25. Kc1 Bf6 (25... Bxa3+ 26. Kd1 $15) 26. Rg4 b4 $2 ({Black should play} 26... e4 $1 $19 {[%cal Re4f3] Hoping for ...exf3.} 27. hxg7 (27. fxe4 Re8 $17) 27... Re8 28. fxe4 Rxe4 29. Rxe4 Bxe4) 27. Qg2 {[%mdl 8192] [#]} (27. Rxb4 $11 Qd7 28. Rab1) 27... Qb5 $2 (27... e4 $1 $19 {and Black stays clearly on top. aiming for ...b3.} 28. Bc5 (28. fxe4 $2 b3 $19) (28. hxg7 $2 Rb8 $19) 28... Re8 29. fxe4 Bg6 30. Bxb4 Rd8 31. Rxg6 fxg6) 28. Rxb4 $17 (28. hxg7 bxa3 29. gxf8=N+ (29. gxf8=Q+ Kxf8 30. Qf2 Be7 $14) 29... Kxf8 $16) 28... Qd5 29. Rg4 $2 (29. Qe2 $17) 29... Rb8 $19 30. Rb1 (30. Be3 $142) 30... Qa2 31. Rgb4 Qxa3+ 32. Kd1 Qa2 (32... a5 $19 33. Rb5 (33. Bxa5 $2 Rxb4 34. Rxb4 Qa1+ 35. Ke2 Bxc2 $19) 33... Qa2) 33. R4b3 {[%mdl 8192]} (33. Be3 $15 Rd8+ 34. Ke1 Bxc2 35. Rc1) 33... Bf5 34. Bc7 (34. Kc1 $142 g6 35. Qe2) 34... Qxb1+ $2 ({Better is} 34... Rxb3 $19 35. Rxb3 Qa1+ 36. Ke2 {[#]} Bd3+ $1 {[%mdl 512]} 37. cxd3 Qa2+ 38. Ke3 Qxg2 39. Rxc3 e4 40. fxe4 Bxc3) 35. Rxb1 $11 Rxb1+ 36. Ke2 Bxc2 37. Bd8 $2 {[%mdl 8192]} Bg6 {Weighted Error Value: White=1.19/Black=0.53} 0-1

[Event "78th LOTTO POL-ch 2021"]
[Site "Bydgoszcz"]
[Date "2021.05.02"]
[Round "2.4"]
[White "Kempinski, Robert"]
[Black "Teclaf, Pawel"]
[Result "1/2-1/2"]
[WhiteElo "2561"]
[BlackElo "2502"]
[Annotator "ChessBase"]
[PlyCount "62"]
[EventDate "2021.04.29"]
[EventType "k.o."]
[EventCountry "POL"]
[SourceTitle "playchess.com"]
[Source "ChessBase"]
[SourceQuality "1"]
[TimeControl "900+10"]

1. d4 {[%emt 0:00:00]} e6 {[%emt 0:00:00]} 2. c4 {[%emt 0:00:00]} b6 {[%emt 0:00:00]} 3. e4 {[%emt 0:00:03]} Bb4+ {[%emt 0:00:00]} 4. Bd2 {[%emt 0:00:10]} Bxd2+ {[%emt 0:00:02]} 5. Qxd2 {[%emt 0:00:08]} d5 {[%emt 0:00:03]} 6. Nc3 {[%emt 0:01:50]} dxe4 {[%emt 0:00:09]} 7. Nxe4 {[%emt 0:00:25]} Bb7 {[%emt 0:00:04]} 8. Nc3 {[%emt 0:00:36]} Nf6 {[%emt 0:00:08]} 9. Nf3 {[%emt 0:00:23]} O-O {[%emt 0:00:34]} 10. Be2 {[%emt 0:00:12]} c5 {[%emt 0:00:29]} 11. O-O {[%emt 0:01:08]} cxd4 {[%emt 0:01:00]} 12. Qxd4 {[%emt 0:00:08]} Nc6 {[%emt 0:00:19]} 13. Qh4 {[%emt 0:00:38]} Ne7 {[%emt 0:01:45]} 14. Rfd1 {[%emt 0:00:39]} Qb8 {[%emt 0:00:47]} 15. Qg3 {[%emt 0:00:25]} Qxg3 {[%emt 0:01:51]} 16. hxg3 {[%emt 0:00:03]} Nf5 {[%emt 0:00:45]} 17. Ne5 {[%emt 0:01:17]} Rfd8 {[%emt 0:00:16]} 18. Bf3 {[%emt 0:00:04]} Bxf3 {[%emt 0:01:14]} 19. gxf3 {[%emt 0:00:02]} Nd4 {[%emt 0:01:35]} 20. Kg2 {[%emt 0:00:32]} Rd6 {[%emt 0:00:56]} 21. Rd3 {[%emt 0:02:47]} Rad8 {[%emt 0:00:18]} 22. Rad1 {[%emt 0:00:37]} Nf5 {[%emt 0:00:57]} 23. Nb5 {[%emt 0:00:37]} Rxd3 {[%emt 0:00:21]} 24. Rxd3 {[%emt 0:00:02]} Rxd3 {[%emt 0:00:07]} 25. Nxd3 {[%emt 0:00:02]} a6 {[%emt 0:00:38]} 26. Nc7 {[%emt 0:00:20]} a5 {[%emt 0:00:19]} 27. c5 {[%emt 0:00:45]} bxc5 {[%emt 0:00:22]} 28. Nxc5 {[%emt 0:00:02]} Nd4 {[%emt 0:00:18]} 29. Nb7 {[%emt 0:01:31]} Nc6 {[%emt 0:00:09]} 30. Nb5 {[%emt 0:00:33]} Nd5 {[%emt 0:00:14]} 31. N5d6 {[%emt 0:00:30]} Nb6 {[%emt 0:00:47]} 1/2-1/2

[Event "78th LOTTO POL-ch 2021"]
[Site "Bydgoszcz"]
[Date "2021.05.02"]
[Round "2.5"]
[White "Teclaf, Pawel"]
[Black "Kempinski, Robert"]
[Result "1-0"]
[WhiteElo "2502"]
[BlackElo "2561"]
[Annotator "TA"]
[PlyCount "65"]
[EventDate "2021.04.29"]
[EventType "k.o."]
[EventCountry "POL"]
[SourceTitle "playchess.com"]
[Source "ChessBase"]
[SourceQuality "1"]

{[%evp 10,65,23,4,19,10,20,13,25,-19,20,-45,55,54,68,22,28,36,68,75,70,83,79,-138,-133,-154,-133,-118,-68,-70,-27,0,53,26,91,30,23,0,89,88,233,231,208,116,94,82,118,120,723,644,1245,1222,29965,5406,29961,29962,29984,29978]} 1. e4 c5 2. Nf3 d6 3. d4 cxd4 4. Nxd4 Nf6 5. Nc3 a6 6. Nb3 e6 {B90: Sicilian Najdorf: Unusual White 6th moves, 6 Be3 Ng4 and 6 Be3 e5.} 7. g4 b5 8. Bg2 {e5! is the strong threat.} Bb7 {The position is equal.} 9. g5 Nfd7 {[#]} 10. Qe2 $1 $146 {[%mdl 8] An important novelty.} (10. O-O $11) ({Predecessor:} 10. h4 b4 11. Ne2 Nc6 12. O-O h6 13. g6 Qxh4 14. gxf7+ Kxf7 15. a3 a5 16. axb4 axb4 17. Rxa8 Bxa8 {½-½ (25) Svidler,P (2723)-Nepomniachtchi,I (2784) Moscow 2020}) 10... Ne5 (10... b4 $15 11. Nd1 a5) 11. f4 Nc4 12. Nd2 Nxd2 13. Bxd2 Nc6 14. O-O-O Be7 15. h4 Rc8 16. f5 $2 {[#]} (16. Qf2 $16 {and life is bright.}) 16... b4 $1 $17 17. fxe6 fxe6 18. Bh3 bxc3 19. Bxc3 Qd7 {White must now prevent ...0-0.} 20. Bxg7 Rg8 (20... Bxg5+ $11 21. hxg5 Qxg7 22. Bxe6 Qxg5+ 23. Kb1 Rd8) 21. Bc3 {[%mdl 1024] White has compensation.} Kd8 (21... Nd8 $11) 22. Qc4 (22. Rhf1 $16) 22... Rg6 $11 23. Kb1 Ke8 (23... Ne5 $11 24. Qb3 Nc4) 24. h5 $16 Rxg5 (24... Ne5 $16 25. hxg6 Rxc4 26. gxh7 Ng6) 25. Bxe6 $18 Qc7 {[#] aiming for ...Nd8.} 26. Bxc8 ({White should try} 26. Qa4 $18) 26... Qxc8 $16 27. Rhg1 $36 {[%mdl 2048] Strongly threatening Rxg5. White is on the roll.} Ne5 28. Qb3 {Threatens to win with Rxg5.} h6 {[%mdl 8192]} (28... Rxg1 $16 29. Rxg1 Nc4) 29. Rxg5 $18 hxg5 30. Bxe5 dxe5 31. Qg8+ Bf8 32. Rf1 Qc5 33. Qf7+ {[%mdl 64] Double Attack. Never resign too early!  Weighted Error Value: White=0.32/Black=0.62} 1-0

[Event "78th LOTTO POL-ch 2021"]
[Site "Bydgoszcz"]
[Date "2021.05.02"]
[Round "2.6"]
[White "Kempinski, Robert"]
[Black "Teclaf, Pawel"]
[Result "0-1"]
[WhiteElo "2561"]
[BlackElo "2502"]
[Annotator "TA"]
[PlyCount "54"]
[EventDate "2021.04.29"]
[EventType "k.o."]
[EventCountry "POL"]
[SourceTitle "playchess.com"]
[Source "ChessBase"]
[SourceQuality "1"]

{[%evp 9,54,21,32,-12,-27,-14,-22,-8,16,27,24,27,23,-20,16,-23,-17,-79,-41,-114,-100,-113,-122,-77,-94,-272,-256,-308,-307,-406,-390,-558,-476,-617,-597,-558,-338,-333,-278,-278,-271,-756,-742,-709,-236,-244,-240]} 1. d4 e6 2. c4 b6 3. e4 Bb4+ 4. Bd2 Bxd2+ 5. Qxd2 d5 6. Nc3 {[%cal Rc4d5] C01: French: Exchange Variation.} dxe4 7. Nxe4 Bb7 8. Nc3 {[#] The position is equal.} c5 $146 ({Predecessor:} 8... Nh6 9. O-O-O Nf5 10. Nge2 Nc6 11. Rg1 O-O 12. g4 Nd6 13. Ng3 e5 14. d5 Nd4 {0-1 (52) Postny,E (2630)-Meier,G (2623) Nancy 2019}) 9. d5 Nf6 10. O-O-O O-O 11. Nf3 (11. dxe6 $5 {[%cal Rd2d8]} Qxd2+ 12. Rxd2 $11) 11... Na6 12. d6 Nb4 13. a3 (13. Qf4 $11 {keeps the balance.}) 13... Nc6 (13... Bxf3 $5 14. gxf3 Nc6 $15) 14. Bd3 ({Better is} 14. Kb1 $15) 14... Nd4 $17 15. Nxd4 cxd4 16. Nb5 e5 ({Much worse is} 16... Bxg2 $6 17. Rhg1 $14) 17. f4 $2 {Loses the game.} (17. Rhe1 $17) 17... e4 $19 18. Bb1 d3 19. Qb4 Rc8 20. Nxa7 (20. Ba2 {is a better defense.}) 20... Rc5 {Threatens to win with ...Nd5.} 21. Nb5 Nd5 22. Qb3 Ne3 23. Rxd3 exd3 24. Qxd3 {[%csl Gb1][%cal Rd3h7] [#]} Rxc4+ 25. Kd2 $2 (25. Nc3 g6 26. Qxe3 Qxd6 27. Rd1 Qxf4 28. Qxf4 Rxf4 29. Rd2) 25... Re4 26. Nc3 Qxd6 $2 27. Nxe4 Bxe4 {Weighted Error Value: White=0.64/Black=0.50} 0-1

[Event "78th LOTTO POL-ch 2021"]
[Site "Bydgoszcz"]
[Date "2021.05.04"]
[Round "3.1"]
[White "Wojtaszek, Radoslaw"]
[Black "Socko, Bartosz"]
[Result "1-0"]
[WhiteElo "2694"]
[BlackElo "2618"]
[Annotator "TA"]
[PlyCount "55"]
[EventDate "2021.04.29"]
[EventType "k.o."]
[EventCountry "POL"]
[SourceTitle "playchess.com"]
[Source "ChessBase"]
[SourceQuality "1"]

{[%evp 18,55,19,21,46,25,31,22,28,16,48,43,20,31,24,0,79,58,77,47,182,201,322,328,430,422,535,533,544,537,545,543,973,983,29989,29990,29992,29990,29994,29995]} 1. d4 Nf6 2. c4 e6 3. g3 c5 4. d5 exd5 5. cxd5 d6 6. Nc3 g6 7. Bg2 Bg7 8. Nf3 O-O 9. O-O Re8 10. Re1 Na6 {A62: Modern Benoni: Fianchetto Variation without early ...Nbd7.} 11. Bf4 {11.Nd2 is setting a new trend.} Ne4 12. Nxe4 Rxe4 {The position is equal.} 13. Nd2 Rxf4 14. gxf4 Bxb2 15. Rb1 Bg7 16. e4 Nb4 (16... Bh6 $11 {remains equal.}) 17. Rb3 $1 $16 Nxa2 18. e5 Nb4 {This costs Black the game.} (18... a5 $14) 19. e6 $1 $18 {[%cal Re6e7] Hoping for e7.} Qe7 {[#]} (19... b5 {is a better defense.}) 20. f5 $146 ({Predecessor:} 20. Ne4 fxe6 21. dxe6 d5 22. Ng3 a5 23. Bxd5 a4 24. Ra3 Nxd5 25. Qxd5 Ra6 26. f5 b5 27. Rd3 Bf6 28. Ne4 Bh4 29. f6 Bxf6 30. Nxf6+ {1-0 (30) Korchmar,V (2406)-Papadopoulos,G (2267) Paleochora 2015}) 20... gxf5 {[%cal Rf7e6] [#]} 21. Nc4 $1 {And now exf7+ would win.} fxe6 22. dxe6 Bxe6 {[#]} 23. Rbe3 $1 Qh4 (23... Be5 24. Nxe5) 24. Nxd6 Bf7 25. Nxf7 Kxf7 26. Qd7+ {White mates.} Kg8 27. Rg3 {[%csl Gg3][%cal Rd7g7]} Qf6 28. Re7 {Weighted Error Value: White=0.02/Black=0.70} 1-0

[Event "78th LOTTO POL-ch 2021"]
[Site "Bydgoszcz"]
[Date "2021.05.04"]
[Round "3.1"]
[White "Moranda, Wojciech"]
[Black "Teclaf, Pawel"]
[Result "1/2-1/2"]
[WhiteElo "2618"]
[BlackElo "2502"]
[Annotator "TA"]
[PlyCount "60"]
[EventDate "2021.04.29"]
[EventType "k.o."]
[EventCountry "POL"]
[SourceTitle "playchess.com"]
[Source "ChessBase"]
[SourceQuality "1"]

{[%evp 11,60,17,19,27,26,29,23,24,35,26,33,20,31,28,25,16,15,15,12,19,22,22,15,13,19,14,29,29,27,22,33,35,55,5,3,6,5,0,2,0,0,0,0,0,0,0,0,0,0,-2,0]} 1. d4 e6 2. Nf3 c5 3. c4 cxd4 4. Nxd4 a6 5. Nc3 Nf6 6. e4 Bb4 7. Qd3 {B41: Sicilian: Kan Variation: 5 c4.} d5 8. exd5 exd5 9. Be2 {White has an edge.} Nc6 10. Nxc6 bxc6 11. O-O O-O 12. Rd1 Be6 13. cxd5 Nxd5 14. Nxd5 Bxd5 {[#]} 15. Bf3 $146 {[%cal Rf3d5]} ({Predecessor:} 15. Bd2 a5 16. Bc3 Qg5 17. Bf3 Rfd8 18. Bxd5 cxd5 19. h3 Rac8 20. Rac1 h6 21. Bd2 Bxd2 22. Rxc8 Rxc8 23. Qxd2 Rc5 {½-½ (23) Svane,R (2543)-Van Wely,L (2632) Berlin 2015}) 15... Bc5 16. Bxd5 cxd5 17. Qxd5 Qb6 18. Qf3 Rad8 19. Rf1 Rd6 20. b3 Rf6 21. Qg3 Rg6 22. Qh3 Re6 {The position is equal.} 23. Bf4 Bd4 24. Rac1 Re2 {[%cal Rd4f2]} 25. Rc8 {And now Rxf8+ would win.} Bxf2+ 26. Kh1 {[#] Threatens to win with Rxf8+.} Bc5 27. Qf3 {White wants to mate with Bd6!} Rxc8 28. Qxe2 Bf8 29. h3 h6 30. Rd1 Qc6 {Weighted Error Value: White=0.05/Black=0.01} 1/2-1/2

[Event "78th LOTTO POL-ch 2021"]
[Site "Bydgoszcz"]
[Date "2021.05.05"]
[Round "3.2"]
[White "Socko, Bartosz"]
[Black "Wojtaszek, Radoslaw"]
[Result "1/2-1/2"]
[WhiteElo "2618"]
[BlackElo "2694"]
[Annotator "TA"]
[PlyCount "97"]
[EventDate "2021.04.29"]
[EventType "k.o."]
[EventCountry "POL"]
[SourceTitle "playchess.com"]
[Source "ChessBase"]
[SourceQuality "1"]

{[%evp 11,97,11,31,-14,-11,-25,3,0,0,0,0,0,0,0,0,0,13,6,7,-24,-16,-40,-45,-42,-38,-42,-51,-37,-4,-16,0,-53,-39,-49,-32,-46,-21,-24,-18,-32,-28,-31,-40,-42,-11,-41,-27,-47,-18,-62,-70,-47,-51,-56,-46,-114,-60,-87,-59,-60,0,0,0,0,0,-6,0,0,0,0,0,0,37,37,139,37,139,139,139,139,139,139,139,139,139,139,139,139]} 1. e4 c5 2. Nf3 d6 3. d4 cxd4 4. Nxd4 Nf6 5. Nc3 a6 6. f3 e5 $1 {6...e5 scores better than 6...e6.} 7. Nde2 {B90: Sicilian Najdorf: Unusual White 6th moves, 6 Be3 Ng4 and 6 Be3 e5.} Be6 8. Be3 Nc6 {[%cal Bb8c6,Bc6e7,Be7f5,Bf5d4][%mdl 32]} 9. Nd5 {The position is equal.} Bxd5 10. exd5 Qa5+ 11. Nc3 Ne7 {[%cal Re7d5]} 12. Bc4 {[#]} g6 $146 ({Predecessor:} 12... b5 13. Bb3 b4 14. Ne4 Nexd5 15. Nxf6+ Nxf6 16. O-O Be7 {0-1 (54) Degrave,J (1961)-Giffard,N (2337) Nancy 2013}) 13. O-O Bg7 14. Qd3 O-O 15. b4 Qc7 {[#] aiming for ...Rac8.} (15... Qxb4 $2 16. Rab1 $18) 16. Bb3 Nf5 {Hoping for ...e4!} 17. Bf2 Nd4 18. Ne2 Nxe2+ 19. Qxe2 e4 20. c4 a5 21. bxa5 (21. c5 $11) 21... exf3 22. Qxf3 Nd7 23. Rae1 Nc5 24. Bh4 Rae8 25. Rxe8 Rxe8 26. Re1 Be5 {[%mdl 1024] Black has compensation.} 27. Rf1 Bd4+ 28. Kh1 Re3 29. Qd1 {[%cal Rd1d4]} Re4 30. Bg5 Be5 31. Qf3 f5 32. Be3 {Black should prevent Bc2.} Qe7 {Strongly threatening ...Bxh2!} 33. g3 (33. Bg1 $15) 33... Bd4 (33... Nxb3 $17 34. axb3 {[#]} Bxg3 $1) 34. Bf4 $15 Re1 {( -> ...Rxf1+)} 35. Bc2 Rxf1+ (35... Qe2 $1 $15 36. Qxe2 Rxe2) 36. Qxf1 $11 Bc3 37. h4 Bxa5 38. Qf3 Bb6 39. Kg2 Nd7 40. g4 Ne5 41. Bxe5 Qxe5 (41... dxe5 {keeps more tension.} 42. gxf5 Qxh4 43. fxg6 Qg5+ 44. Kh3 hxg6 45. d6 Qh6+) 42. gxf5 Qe3 (42... Qe1 $14 43. fxg6 hxg6) 43. fxg6 (43. Qxe3 $16 {White threatens Qe6+ and mate.} Bxe3 44. Kf3 (44. fxg6 hxg6 45. Kf3 Bd2 $16)) 43... hxg6 (43... Qg1+ $14 44. Kh3 hxg6) 44. Qxe3 $16 {White is clearly better.} Bxe3 45. Bxg6 {KB-KB} Kg7 46. Bf5 b6 47. Kf3 Bc5 48. Kg4 Kh6 49. Be6 {Weighted Error Value: White=0.15/Black=0.18} 1/2-1/2